Shakespeare nataka kathegalu (Record no. 146674)

MARC details
000 -LEADER
fixed length control field 00604nam a2200181Ia 4500
003 - CONTROL NUMBER IDENTIFIER
control field OSt
005 - DATE AND TIME OF LATEST TRANSACTION
control field 20240321143536.0
008 - FIXED-LENGTH DATA ELEMENTS--GENERAL INFORMATION
fixed length control field 210210b1934 xxu||||| |||| 00| 0 eng d
040 ## - CATALOGING SOURCE
Transcribing agency AL
041 ## - LANGUAGE CODE
Language code of text/sound track or separate title kan
082 ## - DEWEY DECIMAL CLASSIFICATION NUMBER
Classification number 859/1620
100 ## - MAIN ENTRY--PERSONAL NAME
Personal name LAKSHMINARASIMHA SHASTRI
Dates associated with a name ಲಕ್ಷ್ಮೀ ನರಸಿಂಹ ಶಾಸ್ತ್ರಿ
9 (RLIN) 154824
245 ## - TITLE STATEMENT
Title Shakespeare nataka kathegalu
Remainder of title ಷೇಕ್ಸ್‌ಪಿಯರ್ ನಾಟಕ ಕಥೆಗಳು
260 ## - PUBLICATION, DISTRIBUTION, ETC.
Place of publication, distribution, etc. Bengaluru
Name of publisher, distributor, etc. Karnataka Prakashakara Parishattu
Date of publication, distribution, etc. 1934
690 ## - LOCAL SUBJECT ADDED ENTRY--TOPICAL TERM (OCLC, RLIN)
Topical term or geographic name as entry element Kannada Fiction
9 (RLIN) 154828
906 ## - LOCAL DATA ELEMENT F, LDF (RLIN)
a 022344
942 ## - ADDED ENTRY ELEMENTS (KOHA)
Source of classification or shelving scheme Dewey Decimal Classification
Koha item type Book
Holdings
Withdrawn status Lost status Damaged status Not for loan Collection code Home library Current library Shelving location Date acquired Cost, normal purchase price Total Checkouts Full call number Barcode Date last seen Price effective from Koha item type
          St Aloysius Library St Aloysius Library   02/17/2021 0.00   859/1620 022344 02/17/2021 02/17/2021 Book
          St Aloysius Library St Aloysius Library   02/17/2021 0.00   859/1621 022345 02/17/2021 02/17/2021 Book